| 000 | 00994nam a2200265Ia 4500 | ||
|---|---|---|---|
| 008 | 130821s1999 sp gr spa | ||
| 020 | _a8475096115 | ||
| 040 |
_aCo-BoUCM _bspa |
||
| 041 | 0 | 0 | _aspa |
| 060 |
_aWM 420 _25 |
||
| 100 | 1 |
_aHudson O'hanlon, William _9162239 |
|
| 245 | 1 | 0 |
_aEn busca de soluciones un nuevo enfoque en psicoterapia _cWilliam Hudson O'Hanlon, Michele Weiner-Davis; traducción de Mark Beyebach y María Luisa Sánchez García |
| 260 |
_aBarcelona (España) _bPaidós Ediciones _c1999 |
||
| 300 | _a205 páginas | ||
| 490 |
_aPaidós Terapia Familiar _v35 |
||
| 504 | _aIncluye bibliografía e índice | ||
| 650 | 0 | 4 |
_aPsicoterapia de grupo _922881 |
| 650 | 0 | 4 |
_aPsicoterapia _922877 |
| 650 | 0 | 4 |
_aPsiquiatría _98004 |
| 700 | 1 |
_aBeyebach, Mark _etrad. _9162240 |
|
| 700 | 1 |
_aSanchez GARCIA, María Luisa _etrad. _9162241 |
|
| 700 | 1 |
_aWeiner-Davis, Michele. _9162242 |
|
| 765 | 1 | 0 | _aIn search of solutions. |
| 942 |
_cLIBRO _a15 _e1 _mH885e _2NLM _hWM 420 _n0 |
||
| 999 |
_c47756 _d47756 |
||